Collected poems 1909-1962
Gardado en:
| Autor Principal: | |
|---|---|
| Formato: | Libro |
| Idioma: | inglés |
| Publicado: |
Londres
Faber and Faber
1963
|
| Subjects: | |
| Tags: |
Engadir etiqueta
Sen Etiquetas, Sexa o primeiro en etiquetar este rexistro!
|
MARC
| LEADER | 00000nam a2200000 a 4500 | ||
|---|---|---|---|
| 001 | UCY7138 | ||
| 003 | CL-VaPUC | ||
| 008 | 950609e19630000UK |||||||||||||||||eng|d | ||
| 082 | 0 | 4 | |a 821 |b ELI |2 21 |
| 100 | |a ELIOT, THOMAS STEARNS |e author |9 265954 | ||
| 245 | 1 | 0 | |a Collected poems 1909-1962 |
| 300 | |a 238 p | ||
| 942 | |c BK | ||
| 945 | |d 19950609 00:00:00 |a rbrito | ||
| 260 | |a Londres |b Faber and Faber |c 1963 | ||
| 650 | 0 | |a Poesías inglesas |9 265094 | |
| 583 | |a last modification |c 19950609 00:00:00 |k Rodrigo Vera | ||
| 999 | |c 234580 |d 234578 | ||
| 952 | |0 0 |1 0 |4 0 |6 821_000000000000000_ELI_1963 |7 0 |8 A |9 241122 |a BIBART |b BIBART |d 2019-11-18 |i 2006871 |o 821 ELI 1963 |p 2006871 |r 2025-03-13 |w 2019-11-18 |y BK |k ART | ||